[Event "Golden Jubilee Club Championship"]
[Site "Box Hill"]
[Date "2002.04.26"]
[Round "3.22"]
[White "Stojic, Svetozar"]
[Black "Wheelwright, Philip"]
[Result "1/2-1/2"]
[WhiteElo "1644"]
[BlackElo "1664"]
[Annotator "hl"]
[PlyCount "116"]
[EventDate "2002.04.12"]

1. e4 c6 2. d4 d5 3. Nc3 dxe4 4. Nxe4 Bf5 5. Ng3 Bg6 6. h4 h6 7. Nf3 Nd7 8. Bd3
Bxd3 9. Qxd3 Qc7 10. Bd2 Ngf6 11. c4 e6 12. Bc3 Bd6 13. Ne2 O-O-O 14. O-O-O e5
15. dxe5 Bxe5 16. Nxe5 Nxe5 17. Qf5+ Nfd7 18. Rxd7 Qxd7 19. Qxe5 Rhe8 20. Qh5
Qe6 21. Nd4 Qxc4 22. Qg4+ Kb8 23. Qxg7 Qxa2 24. Rd1 Qd5 25. Qf6 Ka8 26. Qf3 Re4
27. Nf5 Qxd1+ 28. Qxd1 Rxd1+ 29. Kxd1 Rf4 30. Nxh6 Rxh4 31. Nxf7 Rf4 32. Nh6
Rxf2 33. g4 Rg2 34. Bf6 Kb8 35. g5 Kc8 36. Nf5 Kd7 37. Ne7 Ke6 38. Ke1 c5 39.
Kf1 Rg4 40. Kf2 b5 41. Kf3 Rg1 42. Nc6 a6 43. Kf4 Rf1+ 44. Kg4 c4 45. Nd8+ Kd7
46. Kh5 Rh1+ 47. Kg6 Ke8 48. Ne6 b4 49. Nc7+ Kd7 50. Nxa6 b3 51. Kf7 Rf1 52. g6
c3 53. Nc5+ Kc8 54. Nxb3 cxb2 55. Nd2 b1=Q 56. Nxb1 Rxb1 57. Bg5 Rb7+ 58. Kf8
Rb6 1/2-1/2

[Event "Golden Jubilee Club Championship"]
[Site "Box Hill"]
[Date "2002.04.26"]
[Round "3.23"]
[White "Mahic, Amir"]
[Black "Mihalopoulos, Tony"]
[Result "1-0"]
[WhiteElo "1626"]
[BlackElo "1381"]
[Annotator "hl"]
[PlyCount "49"]
[EventDate "2002.04.12"]

1. e4 d5 2. exd5 Nf6 3. d4 Nxd5 4. c4 Nf6 5. Nf3 c6 6. h3 e6 7. Nc3 Be7 8. Bd3
O-O 9. Bg5 h6 10. h4 Qb6 11. Qd2 h5 12. g4 hxg4 13. Ne5 g6 14. Nxg4 Qxd4 15.
Nxf6+ Bxf6 16. Bxf6 Qxf6 17. h5 Qe5+ 18. Ne2 g5 19. O-O-O Nd7 20. f4 Qg7 21. h6
Qf6 22. Rdg1 Rd8 23. Rxg5+ Kf8 24. h7 Ke7 25. Rg8 1-0

[Event "Golden Jubilee Club Championship"]
[Site "Box Hill"]
[Date "2002.04.26"]
[Round "3.25"]
[White "Richter, Sally-Anne"]
[Black "Lugo, Ruperto"]
[Result "0-1"]
[WhiteElo "1410"]
[BlackElo "1599"]
[Annotator "hl"]
[PlyCount "86"]
[EventDate "2002.04.12"]

1. e4 d6 2. d4 Nf6 3. Nc3 g6 4. Nf3 Bg7 5. Be2 O-O 6. O-O b6 7. Bf4 Nbd7 8. h3
Bb7 9. e5 Nd5 10. Nxd5 Bxd5 11. c3 Rb8 12. exd6 cxd6 13. Bh2 Qc8 14. Re1 Nf6
15. Nd2 Qd7 16. Bf3 b5 17. Ne4 Nxe4 18. Bxe4 Bxe4 19. Rxe4 b4 20. c4 Rb7 21.
Re3 Rc8 22. b3 Qf5 23. Rb1 Bxd4 24. Rf3 Qc5 25. Qe2 e5 26. Qe4 Qc6 27. Qxc6
Rxc6 28. Rd3 Ra6 29. Rd2 Rc7 30. Kf1 Rc5 31. Rc1 d5 32. Rcc2 dxc4 33. Rxc4 Rxc4
34. bxc4 Ra3 35. f4 f6 36. fxe5 fxe5 37. Rc2 Kf7 38. c5 Ke7 39. c6 Kd8 40. Rd2
Kc8 41. Ke2 Rc3 42. Rb2 Rxh3 43. gxh3 Bxb2 0-1

[Event "Golden Jubilee Club Championship"]
[Site "Box Hill"]
[Date "2002.04.26"]
[Round "3.26"]
[White "Fell, Rowan"]
[Black "Suderson, Sunilson"]
[Result "0-1"]
[WhiteElo "1402"]
[BlackElo "1558"]
[Annotator "hl"]
[PlyCount "52"]
[EventDate "2002.04.12"]

1. d4 Nf6 2. c4 c5 3. d5 e5 4. dxe6 fxe6 5. Nf3 Be7 6. Nc3 d5 7. e3 O-O 8. Be2
Nc6 9. O-O d4 10. exd4 cxd4 11. Nb5 e5 12. Re1 a6 13. Na3 e4 14. Nd2 d3 15. Bf1
Bxa3 16. bxa3 Nd4 17. Nxe4 Nc2 18. Nxf6+ Qxf6 19. Be3 Nxe1 20. Qxe1 Bf5 21. Rd1
Rad8 22. Qd2 Qc6 23. Qc3 Rd7 24. g3 Qf3 25. Rxd3 Be4 26. Qxg7+ Rxg7 0-1

[Event "Golden Jubilee Club Championship"]
[Site "Box Hill"]
[Date "2002.04.26"]
[Round "3.27"]
[White "Lacey, David"]
[Black "Muthusamy, Reubban"]
[Result "1-0"]
[WhiteElo "1534"]
[BlackElo "1186"]
[Annotator "hl"]
[PlyCount "99"]
[EventDate "2002.04.12"]

1. e4 e5 2. Nf3 Nc6 3. Bb5 a6 4. Ba4 Nf6 5. O-O Bd6 6. Re1 O-O 7. d4 Nxd4 8.
Nxd4 exd4 9. e5 Bc5 10. exf6 Qxf6 11. Nd2 b5 12. Ne4 Qf5 13. Nxc5 Qxc5 14. Bb3
Bb7 15. Qg4 Rae8 16. Bh6 g6 17. Qf4 Qf5 18. Qxf5 gxf5 19. Bxf8 Rxf8 20. Re7 Bc6
21. Rd1 Kg7 22. Rxd4 Kf6 23. Rdxd7 Bxd7 24. Rxd7 Re8 25. Rxf7+ Kg6 26. Kf1 c5
27. Bd5 Rd8 28. Be6 Rd6 29. Rxf5 Rxe6 30. Rxc5 Rd6 31. Rc3 Rd1+ 32. Ke2 Rb1 33.
b3 Rb2 34. a4 bxa4 35. bxa4 Rb6 36. Rd3 Re6+ 37. Kd2 Kg7 38. c4 Re4 39. Kc3 Re5
40. Rd5 Re6 41. c5 Kf7 42. Rd6 Re5 43. Kd4 Re1 44. Kd5 Rd1+ 45. Kc6 Ra1 46. Kb7
a5 47. Rb6 Rxa4 48. c6 Re4 49. c7 Re7 50. Kb8 1-0

[Event "Golden Jubilee Club Championship"]
[Site "Box Hill"]
[Date "2002.04.26"]
[Round "3.28"]
[White "Brooks, Chris"]
[Black "Burak, Mehmed"]
[Result "1/2-1/2"]
[WhiteElo "1525"]
[BlackElo "1167"]
[Annotator "hl"]
[PlyCount "127"]
[EventDate "2002.04.12"]

1. Nf3 c5 2. g3 Nc6 3. Bg2 g6 4. Nc3 Nf6 5. b3 Bg7 6. Bb2 d6 7. d3 O-O 8. Ne4
Nxe4 9. Bxg7 Nxf2 10. Kxf2 Kxg7 11. h4 h5 12. Bh3 Bxh3 13. Rxh3 Qd7 14. Qh1 Ne5
15. Nxe5 dxe5 16. Rh2 f5 17. Rf1 f4 18. gxf4 Rxf4+ 19. Ke3 Qd4+ 20. Kd2 Rxf1
21. Qxf1 Qf4+ 22. Qxf4 exf4 23. Rf2 Rf8 24. Kc3 Rf5 25. Kc4 Kf6 26. d4 cxd4 27.
Kxd4 g5 28. hxg5+ Kxg5 29. Ke4 e5 30. Rg2+ Kf6 31. Rg8 Rg5 32. Rf8+ Kg7 33. Rf5
Kg6 34. Rf8 Kg7 35. Rf5 Rxf5 36. Kxf5 Kh6 37. c4 h4 38. Kg4 h3 39. Kxh3 Kg5 40.
Kg2 Kf5 41. e3 fxe3 42. Kf3 e2 43. Kxe2 Ke4 44. Kd2 Kd4 45. Ke2 e4 46. Kd2 e3+
47. Ke2 Ke4 48. b4 Kd4 49. c5 Kc4 50. a3 Kd4 51. Kd1 a6 52. Ke2 Ke4 53. a4 Kd4
54. b5 axb5 55. axb5 Kxc5 56. Kxe3 Kxb5 57. Kd3 Kb4 58. Kc2 b5 59. Kb2 Kc4 60.
Kc2 Kb4 61. Kb2 Kc5 62. Kc3 b4+ 63. Kb3 Kb5 64. Kb2 1/2-1/2

[Event "Golden Jubilee Club Championship"]
[Site "Box Hill"]
[Date "2002.04.26"]
[Round "3.29"]
[White "Endo, Kohei"]
[Black "Kable, John R"]
[Result "0-1"]
[WhiteElo "1329"]
[BlackElo "1523"]
[Annotator "hl"]
[PlyCount "56"]
[EventDate "2002.04.12"]

1. e4 e5 2. Nf3 Nf6 3. Bc4 Nc6 4. d4 exd4 5. e5 d5 6. Bd3 Ne4 7. c3 dxc3 8.
Nxc3 Bb4 9. O-O Bg4 10. a3 Be7 11. h3 Bxf3 12. gxf3 Nxc3 13. bxc3 Qd7 14. Kh2
Nxe5 15. Rg1 Nxd3 16. Qxd3 O-O-O 17. Be3 g6 18. Rgb1 Qa4 19. Ra2 Qc4 20. Qc2
Rd6 21. Rab2 b6 22. a4 Rc6 23. a5 Rd8 24. axb6 axb6 25. Bd4 Bd6+ 26. Kg2 Re8
27. Ra2 Kd7 28. Rbb2 Re1 0-1

[Event "Golden Jubilee Club Championship"]
[Site "Box Hill"]
[Date "2002.04.26"]
[Round "3.30"]
[White "Loizou, Loizos"]
[Black "Lindberg, Eric"]
[Result "0-1"]
[WhiteElo "1282"]
[BlackElo "1487"]
[Annotator "tc"]
[PlyCount "90"]
[EventDate "2002.04.12"]

1. d4 d5 2. e3 Nf6 3. c4 Nc6 4. Nc3 Bf5 5. cxd5 Nxd5 6. Nxd5 Qxd5 7. Nf3 e5 8.
Be2 exd4 9. O-O d3 10. Ne1 O-O-O 11. Bf3 Qb5 12. a3 d2 13. Bxd2 Qxb2 14. Bg4
Be6 15. Bxe6+ fxe6 16. Nf3 Bxa3 17. Qa4 Bc5 18. Rab1 Qa3 19. Qg4 Bb6 20. Qxe6+
Kb8 21. Qf7 g6 22. Ra1 Qd6 23. Bc3 Rdf8 24. Qg7 g5 25. Qxg5 Rhg8 26. Rfd1 Rxg5
27. Rxd6 Rxf3 28. Rd7 Rf8 29. Rxh7 Rc5 30. Bf6 Rf5 31. Bh4 Ne5 32. Rd1 a5 33.
Rd5 Ng4 34. Rd2 Nxe3 35. Be7 Nc4 36. Rd7 Bxf2+ 37. Kf1 Bc5+ 38. Ke2 Rf2+ 39.
Kd1 Rf1+ 40. Kc2 R8f2+ 41. Kb3 Nd2+ 42. Rxd2 Rxd2 43. Bxc5 b5 44. h4 Rxg2 45.
h5 Rf3+ 0-1

[Event "Golden Jubilee Club Championship"]
[Site "Box Hill"]
[Date "2002.04.26"]
[Round "3.31"]
[White "Redgrave, Andrew"]
[Black "Hickman, Casey"]
[Result "1-0"]
[WhiteElo "1476"]
[BlackElo "1144"]
[Annotator "tc"]
[PlyCount "83"]
[EventDate "2002.04.12"]

1. e4 d5 2. exd5 Qxd5 3. c4 Qe4+ 4. Be2 Qxg2 5. Bf3 Qg6 6. d4 Nc6 7. Nc3 e5 8.
Be4 f5 9. Bxc6+ Qxc6 10. Nf3 exd4 11. Qe2+ Be6 12. Nd5 Qc5 13. Qxe6+ Ne7 14.
Ne5 Qd6 15. Qxd6 cxd6 16. Nc7+ Kd8 17. Nf7+ Kxc7 18. Nxh8 Nc6 19. Kd2 Ne5 20.
b3 Be7 21. f4 Ng6 22. Nxg6 hxg6 23. Rg1 Rh8 24. Rg2 Rh3 25. Ke2 Bf6 26. Kf1 Rh6
27. Bb2 Kd7 28. Rd1 Kc6 29. Bxd4 Bxd4 30. Rxd4 Kc5 31. Rd5+ Kc6 32. Rgd2 Kd7
33. c5 a6 34. Kg2 Kc6 35. cxd6 Kd7 36. Re2 Rh8 37. Re7+ Kd8 38. Rxb7 Re8 39.
Re5 Rxe5 40. fxe5 a5 41. e6 g5 42. Rb8# 1-0

[Event "Golden Jubilee Club Championship"]
[Site "Box Hill"]
[Date "2002.04.26"]
[Round "3.32"]
[White "Yap, Jonathan"]
[Black "Carey, Peter"]
[Result "0-1"]
[WhiteElo "1003"]
[BlackElo "1455"]
[Annotator "tc"]
[PlyCount "88"]
[EventDate "2002.04.12"]

1. d4 Nf6 2. c4 g6 3. Nc3 Bg7 4. e4 d6 5. f4 O-O 6. Nf3 c5 7. d5 a6 8. a4 e6 9.
Bd2 exd5 10. cxd5 Re8 11. Qe2 Bf5 12. e5 dxe5 13. fxe5 Nxd5 14. Bg5 f6 15. Rd1
fxg5 16. Nxd5 Qa5+ 17. Kf2 g4 18. Ng5 h6 19. Qc4 Kh8 20. Nf7+ Kh7 21. Nf6+ Bxf6
22. exf6 Be6 23. Ng5+ hxg5 24. Qe4 Qc7 25. Bd3 Qf4+ 26. Qxf4 gxf4 27. Rhe1 Nc6
28. b3 Nd4 29. Bc4 Bxc4 30. bxc4 Rxe1 31. Rxe1 Rf8 32. Re7+ Kh6 33. f7 Kg7 34.
Rxb7 Rxf7 35. Rxf7+ Kxf7 36. g3 g5 37. a5 Kf6 38. Kg1 Ke5 39. gxf4+ gxf4 40.
Kg2 Ke4 41. h3 gxh3+ 42. Kxh3 f3 43. Kh2 Ke3 44. Kg1 Ke2 0-1

[Event "Golden Jubilee Club Championship"]
[Site "Box Hill"]
[Date "2002.04.26"]
[Round "3.33"]
[White "Wallis, Christopher"]
[Black "Kloprogge, Ion"]
[Result "0-1"]
[WhiteElo "928"]
[BlackElo "1410"]
[Annotator "tc"]
[PlyCount "88"]
[EventDate "2002.04.12"]

1. e4 Nc6 2. d4 e6 3. Nf3 d5 4. exd5 exd5 5. Bb5 Bd7 6. Bxc6 Bxc6 7. O-O f6 8.
Re1+ Be7 9. Nh4 g6 10. Nc3 Qd7 11. Be3 O-O-O 12. Nf3 h5 13. Qd3 g5 14. Re2 Bd6
15. Rae1 Kb8 16. Bd2 h4 17. Nxg5 fxg5 18. Bxg5 Rc8 19. Qg6 a6 20. Re6 h3 21. g3
Qh7 22. Qxh7 Rxh7 23. Rg6 Be7 24. Rxg8 Rxg8 25. Rxe7 Rxe7 26. Bxe7 Re8 27. f3
Rxe7 28. Kf2 Kc8 29. b4 b5 30. Ne2 Kd8 31. Nf4 Rh7 32. Ne6+ Ke8 33. Nc5 Ba8 34.
Nb3 c6 35. Kf1 Bb7 36. Nc5 Ba8 37. Nb3 Rf7 38. Kf2 Bb7 39. a3 Bc8 40. Nd2 Bf5
41. c3 Re7 42. Nf1 Bd3 43. Ne3 Ra7 44. Nd1 a5 0-1

[Event "Golden Jubilee Club Championship"]
[Site "Box Hill"]
[Date "2002.04.26"]
[Round "3.34"]
[White "Simpson, Bruce"]
[Black "Fielder, Shaun"]
[Result "0-1"]
[WhiteElo "1418"]
[BlackElo "1162"]
[Annotator "tc"]
[PlyCount "100"]
[EventDate "2002.04.12"]

1. c4 Nf6 2. Nf3 c5 3. Nc3 Nc6 4. e3 e6 5. d4 cxd4 6. exd4 d5 7. cxd5 Nxd5 8.
Bb5 Bb4 9. Bd2 Qa5 10. Bxc6+ bxc6 11. Nxd5 Bxd2+ 12. Nxd2 Qxd5 13. O-O Ba6 14.
Re1 Qxd4 15. Qc2 Rc8 16. Nb3 Qc4 17. Qxc4 Bxc4 18. Na5 Bd5 19. b3 Ke7 20. Rac1
Rc7 21. Rc5 Rd8 22. a3 Rb8 23. b4 Rb5 24. Rc3 c5 25. Rec1 Kd6 26. f3 h5 27. Kf2
h4 28. f4 g6 29. g3 hxg3+ 30. Kxg3 f6 31. Kg4 a6 32. h4 Be4 33. Nc4+ Ke7 34.
Nd2 Bf5+ 35. Kg3 Kd6 36. Nb3 c4 37. Nd4 Rd5 38. Nxf5+ exf5 39. Rxc4 Rxc4 40.
Rxc4 Rd3+ 41. Kf2 Rxa3 42. Rd4+ Ke7 43. Rd1 Rb3 44. Rd4 Rh3 45. Rc4 Kd7 46.
Rd4+ Ke7 47. Rc4 Rxh4 48. Kg3 Rg4+ 49. Kf3 g5 50. fxg5 Rxc4 0-1

[Event "Golden Jubilee Club Championship"]
[Site "Box Hill"]
[Date "2002.04.26"]
[Round "3.35"]
[White "Papa, James"]
[Black "Chong, Trevor"]
[Result "0-1"]
[WhiteElo "1428"]
[BlackElo "1245"]
[Annotator "tc"]
[PlyCount "106"]
[EventDate "2002.04.12"]

1. d4 d5 2. c4 e6 3. Nc3 Nf6 4. Bg5 Be7 5. Nf3 Nc6 6. e3 O-O 7. Bd3 dxc4 8.
Bxc4 h6 9. Bh4 b6 10. O-O Bb7 11. Rc1 Rc8 12. Bb5 Nb4 13. a3 Nbd5 14. Ne5 Nxc3
15. bxc3 Bxg2 16. Nc6 Bxc6 17. Bxc6 Nd5 18. Bxe7 Nxe7 19. Bb7 Rb8 20. Be4 Qd6
21. Qa4 a5 22. Kh1 c5 23. Rg1 cxd4 24. cxd4 Rfc8 25. Rxc8+ Rxc8 26. Qb5 Nd5 27.
Qa6 Qc6 28. Qf1 Nxe3 29. Bxc6 Nxf1 30. Rxf1 Rxc6 31. Rb1 Kf8 32. Kg2 Ke7 33.
Rb3 f5 34. Kf3 g5 35. h3 Kd6 36. Ke3 a4 37. Rd3 Kd5 38. Rd2 Rc3+ 39. Rd3 Rxd3+
40. Kxd3 b5 41. f3 e5 42. dxe5 Kxe5 43. Kc3 Kf4 44. Kb4 Kxf3 45. Kxb5 Ke3 46.
Kxa4 f4 47. Kb5 f3 48. a4 f2 49. a5 f1=Q+ 50. Kb6 h5 51. a6 Qxa6+ 52. Kxa6 g4
53. hxg4 hxg4 {etc.} 0-1

[Event "Golden Jubilee Club Championship"]
[Site "Box Hill"]
[Date "2002.04.26"]
[Round "3.36"]
[White "Loo, Jonathan"]
[Black "Alamanos, John"]
[Result "0-1"]
[WhiteElo "1020"]
[BlackElo "1336"]
[Annotator "tc"]
[PlyCount "138"]
[EventDate "2002.04.12"]

1. d4 d5 2. Nf3 Nf6 3. Bf4 Bf5 4. Ne5 e6 5. Nc3 Nbd7 6. g3 Bd6 7. Bg2 Nh5 8. e3
Nxf4 9. exf4 O-O 10. O-O a6 11. Re1 c5 12. Ne2 Rc8 13. Rc1 f6 14. Nxd7 Qxd7 15.
dxc5 Bxc5 16. Nd4 Bxd4 17. Qxd4 Rxc2 18. Rxc2 Bxc2 19. Rxe6 Kh8 20. Re2 Bg6 21.
Re1 Rd8 22. Rc1 h6 23. Rc5 Bf7 24. b4 Qf5 25. a3 Qb1+ 26. Bf1 Qd3 27. Qe3 Re8
28. Rc3 Qb1 29. Qd3 Qxd3 30. Bxd3 d4 31. Rc7 Bd5 32. h4 Re1+ 33. Bf1 Bf3 34.
Rd7 Be2 35. Rxd4 Rxf1+ 36. Kg2 Rd1 37. Rxd1 Bxd1 38. Kf1 Bf3 39. Ke1 Kg8 40.
Kd2 Kf7 41. Ke3 Bc6 42. Kd4 Ke6 43. Kd3 f5 44. Ke3 Kd5 45. Kd2 Kd4 46. Kc2 b5
47. Kd2 h5 48. Kc2 g6 49. Kd2 Bd5 50. Kc2 Be4+ 51. Kd2 Kc4 52. Kc1 Kb3 53. Kd1
Kxa3 54. Kd2 Kxb4 55. Ke3 Kc3 56. Ke2 b4 57. Kd1 a5 58. g4 a4 59. gxh5 gxh5 60.
f3 Bxf3+ 61. Kc1 Be4 62. Kd1 b3 63. Kc1 b2+ 64. Kd1 Kd3 65. Ke1 b1=Q+ 66. Kf2
Kd4 67. Ke2 Qd3+ 68. Kf2 Qf3+ 69. Kg1 Qg2# 0-1

[Event "Golden Jubilee Club Championship"]
[Site "Box Hill"]
[Date "2002.04.26"]
[Round "3.37"]
[White "Van Dijk, Devrim"]
[Black "Wan, James"]
[Result "1-0"]
[WhiteElo "1082"]
[BlackElo "1399"]
[Annotator "tc"]
[PlyCount "59"]
[EventDate "2002.04.12"]

1. d4 d5 2. c4 dxc4 3. e3 c5 4. Bxc4 cxd4 5. Nf3 Nc6 6. Nxd4 e5 7. Nb5 Qxd1+ 8.
Kxd1 Ke7 9. N1c3 Bg4+ 10. f3 Rd8+ 11. Nd5+ Rxd5+ 12. Bxd5 Bd7 13. Bxc6 bxc6 14.
Nc3 Nf6 15. e4 Ke6 16. Bg5 Bb4 17. Kc2 Ne8 18. Be3 a6 19. Na4 Nc7 20. Nc5+ Bxc5
21. Bxc5 Rb8 22. Rhd1 Nb5 23. a4 Nc7 24. Rd6+ Ke7 25. Rad1 Nd5 26. R6xd5+ Ke8
27. Rxd7 Rxb2+ 28. Kxb2 f5 29. Re7+ Kf8 30. Rd8# 1-0

[Event "Golden Jubilee Club Championship"]
[Site "Box Hill"]
[Date "2002.04.26"]
[Round "3.39"]
[White "Yu, Derek"]
[Black "Neymanis, Eric"]
[Result "0-1"]
[WhiteElo "852"]
[BlackElo "1391"]
[Annotator "tc"]
[PlyCount "92"]
[EventDate "2002.04.12"]

1. e4 c5 2. Nf3 d6 3. d4 cxd4 4. Nxd4 Nc6 5. Nc3 a6 6. a4 Bd7 7. Nxc6 bxc6 8.
Bd3 c5 9. a5 e6 10. Na4 Bxa4 11. Rxa4 Nf6 12. Be3 Be7 13. O-O O-O 14. Qe2 Qd7
15. Ra3 d5 16. exd5 exd5 17. c4 d4 18. Rd1 Bd6 19. Bd2 Rab8 20. Rb1 Qc7 21. h3
Rfe8 22. Qd1 Ne4 23. Qc2 Nxd2 24. Qxd2 Qe7 25. Qc2 g6 26. Rb3 Qe5 27. g3 f5 28.
Rb6 f4 29. Bxg6 hxg6 30. Qxg6+ Qg7 31. Qxg7+ Kxg7 32. Rxd6 fxg3 33. fxg3 Re3
34. Kf2 Rbe8 35. Rxa6 Rf8+ 36. Kg2 d3 37. h4 Re2+ 38. Kh3 d2 39. Rd6 Re1 40.
Rxd2 Rxb1 41. a6 Ra8 42. Rd7+ Kf6 43. a7 Rxb2 44. Rc7 Ra2 45. Rxc5 R8xa7 46. g4
R7a3# 0-1

[Event "Golden Jubilee Club Championship"]
[Site "Box Hill"]
[Date "2002.04.26"]
[Round "3.41"]
[White "Nincevic, Anton"]
[Black "Martin, Richard"]
[Result "0-1"]
[WhiteElo "1368"]
[BlackElo "919"]
[Annotator "tc"]
[PlyCount "116"]
[EventDate "2002.04.12"]

1. e4 e5 2. Nf3 Nc6 3. Nc3 Bc5 4. a3 Nf6 5. Bc4 O-O 6. d3 d6 7. h3 Be6 8. Ba2
Ne7 9. Bg5 Ng6 10. Na4 Bb6 11. Nxb6 axb6 12. O-O h6 13. Bd2 Qd7 14. Nh2 Qb5 15.
Bc1 Nf4 16. c4 Qa4 17. Bb3 Qd7 18. Bxf4 exf4 19. Qf3 g5 20. g4 Qc6 21. Qe2 b5
22. Rac1 Qb6 23. Nf3 c5 24. Rfd1 Rfd8 25. d4 b4 26. d5 Bd7 27. axb4 Qxb4 28.
Qc2 Re8 29. Nd2 Ba4 30. f3 Nd7 31. Bxa4 Qxa4 32. Qxa4 Rxa4 33. Nb1 Ne5 34. Nd2
Rea8 35. Kf2 Nd3+ 36. Ke2 Nxc1+ 37. Rxc1 Ra1 38. Nb3 Rxc1 39. Nxc1 Ra1 40. Kd2
Kf8 41. Kc2 Ra4 42. Kc3 Ke8 43. b3 Ra1 44. Kb2 Ra5 45. Nd3 b5 46. cxb5 Rxb5 47.
Kc3 Ra5 48. e5 Ke7 49. Kc4 Ra1 50. exd6+ Kxd6 51. Nf2 Rc1+ 52. Kb5 Kxd5 53. Ne4
Kd4 54. Kc6 c4 55. bxc4 Rxc4+ 56. Kd6 Ke3 57. Ke5 Rxe4+ 58. fxe4 f3 0-1

[Event "Golden Jubilee Club Championship"]
[Site "Box Hill"]
[Date "2002.04.26"]
[Round "3.42"]
[White "Gunawan, Andy"]
[Black "Fell, Nathan"]
[Result "1-0"]
[WhiteElo "1298"]
[BlackElo "840"]
[Annotator "tc"]
[PlyCount "37"]
[EventDate "2002.04.12"]

1. e4 c5 2. Nf3 d6 3. Bc4 Nf6 4. Nc3 a6 5. a4 Bg4 6. h3 Bh5 7. d3 Nc6 8. g4 Bg6
9. Nh4 e6 10. Nxg6 hxg6 11. Be3 Be7 12. Qf3 Na5 13. Ba2 b5 14. axb5 axb5 15. d4
cxd4 16. Bxd4 e5 17. Be3 Rc8 18. g5 Nd7 19. Qxf7# 1-0

[Event "Golden Jubilee Club Championship"]
[Site "Box Hill"]
[Date "2002.04.26"]
[Round "3.43"]
[White "Van Dijk, Marieke"]
[Black "Benjamin, Frank"]
[Result "1-0"]
[WhiteElo "823"]
[BlackElo "1263"]
[Annotator "tc"]
[PlyCount "64"]
[EventDate "2002.04.12"]

1. d4 d5 2. Nf3 Nf6 3. e3 c6 4. a3 Bf5 5. Nbd2 Nbd7 6. b4 Qc7 7. Be2 e5 8. dxe5
Nxe5 9. Nxe5 Qxe5 10. Ra2 Bd6 11. Nf3 Qe7 12. Bb2 O-O 13. O-O Qc7 14. g3 Rfe8
15. Bd3 Ne4 16. Nh4 Bh3 17. Re1 Be5 18. Qh5 g6 19. Nxg6 fxg6 20. Qxh3 Ng5 21.
Qg4 h5 22. Qxg5 Qg7 23. Bxe5 Rxe5 24. Qh4 Qh6 25. f4 Ree8 26. c4 Qg7 27. Rae2
Rad8 28. Rd2 Kf8 29. Qg5 Rd6 30. Kf1 Ree6 31. cxd5 cxd5 32. Qxd5 Qc7 {
moves inaccurately recorded
} 1-0

[Event "Golden Jubilee Club Championship"]
[Site "Box Hill"]
[Date "2002.04.26"]
[Round "3.44"]
[White "Loo, David"]
[Black "Vijayakumar, Rukman"]
[Result "0-1"]
[WhiteElo "749"]
[BlackElo "1250"]
[Annotator "tc"]
[PlyCount "86"]
[EventDate "2002.04.12"]

1. d4 Nf6 2. c4 g6 3. Nc3 Bg7 4. Nf3 O-O 5. Bf4 d6 6. e4 Nbd7 7. Qc2 Re8 8. Bd3
e5 9. Bg3 Nh5 10. Bh4 Nhf6 11. d5 a5 12. O-O Nc5 13. a3 a4 14. Nd2 h6 15. Bxf6
Qxf6 16. b4 axb3 17. Nxb3 Nxb3 18. Qxb3 Qg5 19. Na4 Bh3 20. g3 Bxf1 21. Bxf1 b6
22. Nc3 f5 23. exf5 gxf5 24. Bg2 e4 25. Re1 e3 26. Nd1 exf2+ 27. Nxf2 Rxe1+ 28.
Bf1 Bd4 29. Qd3 Bxf2+ 30. Kxf2 Rae8 31. a4 Qe3+ 32. Qxe3 R1xe3 33. Kg2 Re2+ 34.
Bxe2 Rxe2+ 35. Kh3 Ra2 36. a5 Rxa5 37. c5 dxc5 38. d6 cxd6 39. g4 fxg4+ 40.
Kxg4 b5 41. h3 b4 42. h4 b3 43. h5 b2 0-1

[Event "Golden Jubilee Club Championship"]
[Site "Box Hill"]
[Date "2002.04.26"]
[Round "3.46"]
[White "Sellayah, Renishka"]
[Black "Leong, Melford"]
[Result "1-0"]
[WhiteElo "1182"]
[BlackElo "656"]
[Annotator "hl"]
[PlyCount "71"]
[EventDate "2002.04.12"]

1. d4 d5 2. Nf3 g6 3. Bf4 Bg7 4. e3 Nc6 5. c3 Nf6 6. h3 a6 7. Bd3 O-O 8. Nbd2
Bf5 9. Bxf5 gxf5 10. Ne5 Nxe5 11. dxe5 Ne4 12. Nf3 c6 13. Nd4 e6 14. Qf3 Qe7
15. Ne2 b5 16. Ng3 Rad8 17. Nh5 b4 18. Rb1 a5 19. Rd1 Rb8 20. O-O bxc3 21. bxc3
Qa3 22. Nf6+ Bxf6 23. exf6 Rb2 24. Bh6 Re8 25. Qf4 Kh8 26. Bg7+ Kg8 27. f3 Qxa2
28. fxe4 Rxg2+ 29. Kh1 Rh2+ 30. Qxh2 Qxh2+ 31. Kxh2 Ra8 32. exf5 exf5 33. Rxf5
Re8 34. Rb1 h6 35. Rh5 Rf8 36. Rxh6 1-0

[Event "Golden Jubilee Club Championship"]
[Site "Box Hill"]
[Date "2002.04.26"]
[Round "3.47"]
[White "Wong, Stephanie"]
[Black "Chan, Robert K"]
[Result "1/2-1/2"]
[WhiteElo "568"]
[BlackElo "1114"]
[Annotator "hl"]
[PlyCount "74"]
[EventDate "2002.04.12"]

1. e4 g6 2. Nc3 Bg7 3. Nf3 e6 4. d3 Ne7 5. Be3 a6 6. g3 d6 7. Bh3 b5 8. a3 Bb7
9. Qd2 Qc8 10. Bd4 f6 11. Qe2 Kf7 12. Be3 Bc6 13. Nd4 Bd7 14. a4 b4 15. Nd1 c5
16. Nb3 a5 17. Bd2 Qe8 18. Ne3 Bxa4 19. Nc4 Nc8 20. Bf4 Bxb3 21. cxb3 e5 22.
Bxc8 Ke7 23. Be3 Qxc8 24. Nb6 Qb7 25. Nxa8 Qxa8 26. O-O Nc6 27. Rfc1 g5 28. Qc2
Nd4 29. Bxd4 exd4 30. Re1 Rb8 31. Qe2 Qa6 32. Qh5 h6 33. Kg2 Ra8 34. Qe2 Qc6
35. Kg1 Qd7 36. Ra2 Qb5 37. Qc2 Qb6 1/2-1/2

[Event "Golden Jubilee Club Championship"]
[Site "Box Hill"]
[Date "2002.04.26"]
[Round "3.48"]
[White "Lugo, Jerome"]
[Black "Carey, Jamie"]
[Result "0-1"]
[WhiteElo "559"]
[BlackElo "1069"]
[Annotator "hl"]
[PlyCount "84"]
[EventDate "2002.04.12"]

1. e4 e5 2. Nf3 Nc6 3. Nc3 Bc5 4. Bc4 Nf6 5. O-O d6 6. d3 O-O 7. Bg5 h6 8. Bxf6
Qxf6 9. Nd5 Qd8 10. a3 Bg4 11. h3 Bxf3 12. Qxf3 Nd4 13. Qd1 c6 14. c3 cxd5 15.
exd5 Nf5 16. b4 Bb6 17. Qg4 Qg5 18. Qf3 Qg3 19. Qxf5 Qg5 20. Qe4 Qd2 21. Rad1
Qxc3 22. d4 Qxc4 23. Rfe1 Bxd4 24. Re3 Rac8 25. Ree1 Qc2 26. Qf3 Rc3 27. Rc1
Qxc1 28. Rxc1 Rxc1+ 29. Kh2 Rc2 30. Qf5 Rxf2 31. Qd7 Kh7 32. Qxd6 Rc8 33. Kg3
Rc3+ 34. Kh2 Rcc2 35. Kg3 Rxg2+ 36. Kf3 Rcf2+ 37. Ke4 f5+ 38. Kd3 Rf3+ 39. Kc4
Rc2+ 40. Kb5 a6+ 41. Ka4 Ra2 42. Ka5 Rfxa3# 0-1

[Event "Golden Jubilee Club Championship"]
[Site "Box Hill"]
[Date "2002.04.26"]
[Round "3.50"]
[White "Papa, Phil"]
[Black "Cocks, James"]
[Result "1-0"]
[WhiteElo "1158"]
[BlackElo "594"]
[Annotator "hl"]
[PlyCount "91"]
[EventDate "2002.04.12"]

1. d4 d5 2. Nf3 Bf5 3. Bf4 e6 4. Nbd2 Nc6 5. e3 Nf6 6. Be2 Bb4 7. c3 Bd6 8. Bg5
h6 9. Bxf6 Qxf6 10. O-O g5 11. Ne1 h5 12. Bd3 O-O-O 13. Bxf5 exf5 14. a4 h4 15.
f3 Rdg8 16. b4 h3 17. g3 f4 18. exf4 gxf4 19. g4 Nxb4 20. cxb4 Qxd4+ 21. Rf2
Qxb4 22. Kf1 Be5 23. Rb1 Qe7 24. Qb3 c6 25. Nd3 b6 26. Nb4 Qc5 27. Re2 Bc3 28.
Nd3 Qc4 29. Nxc4 Re8 30. Qxc3 Rxe2 31. Qxh8+ Kc7 32. Kxe2 dxc4 33. Nxf4 a6 34.
Rd1 b5 35. Qe5+ Kb6 36. axb5 axb5 37. Ra1 b4 38. Qa5+ Kb7 39. Qa6+ Kc7 40. Qxc4
f6 41. Qf7+ Kd6 42. Qxf6+ Kc5 43. Nd3+ Kc4 44. Qf4+ Kc3 45. Qxb4+ Kc2 46. Qb2#
1-0

[Event "Golden Jubilee Club Championship"]
[Site "Box Hill"]
[Date "2002.04.26"]
[Round "3.51"]
[White "Fell, Samuel"]
[Black "Eer, Derek"]
[Result "1-0"]
[WhiteElo "1012"]
[BlackElo "786"]
[Annotator "hl"]
[PlyCount "93"]
[EventDate "2002.04.12"]

1. d4 d5 2. c4 e6 3. Nc3 Bb4 4. Bd2 Nf6 5. cxd5 Bxc3 6. bxc3 exd5 7. Nf3 Nc6 8.
e3 a6 9. c4 b6 10. Rc1 Bb7 11. Be2 Ne4 12. O-O Nxd2 13. Qxd2 Qe7 14. cxd5 Nd8
15. Qc2 Rc8 16. Rfe1 c5 17. dxc6 Rxc6 18. Qa4 b5 19. Qb3 O-O 20. Rxc6 Nxc6 21.
Bd3 Rd8 22. Rc1 Rc8 23. Bf5 Rc7 24. Qc2 Qf6 25. d5 g6 26. Bh3 g5 27. dxc6 Rxc6
28. Qd1 Rxc1 29. Qxc1 Bxf3 30. gxf3 Qxf3 31. Qc8+ Kg7 32. Qg4 Qf6 33. Qd4 Qxd4
34. exd4 Kf8 35. a3 h5 36. Bc8 a5 37. Ba6 b4 38. axb4 axb4 39. Bc4 f6 40. Kf1
Ke7 41. Ke2 Kd6 42. Kd2 f5 43. Kc2 g4 44. Kb3 h4 45. Kxb4 g3 46. hxg3 hxg3 47.
fxg3 1-0